Arte grande de la lengua castellana / (Record no. 49110)

MARC details
000 -LEADER
campo de control de longitud fija 00867nam a2200229 i 4500
001 - NÚMERO DE CONTROL
campo de control 49110
003 - IDENTIFICADOR DE NÚMERO DE CONTROL
campo de control ES-MaACL
005 - FECHA Y HORA DE LA ÚLTIMA TRANSACCIÓN
campo de control 20250714164828.0
007 - CAMPO FIJO DE DESCRIPCIÓN FÍSICA--INFORMACIÓN GENERAL
campo de control de longitud fija t|
008 - DATOS DE LONGITUD FIJA--INFORMACIÓN GENERAL
campo de control de longitud fija 030708s1903 sp |||| | spa d
100 1# - ENTRADA PRINCIPAL--NOMBRE DE PERSONA
Nombre de persona Correas, Gonzalo.
9 (RLIN) 40766
245 10 - MENCIÓN DEL TÍTULO
Título Arte grande de la lengua castellana /
Mención de responsabilidad, etc. compuesto en 1626 por Gonzalo Correas ; publicado por primera vez, el conde de la Viñara.
260 ## - PUBLICACIÓN, DISTRIBUCIÓN, ETC.
Lugar de publicación, distribución, etc. Madrid :
Nombre del editor, distribuidor, etc. [s.n.],
Fecha de publicación, distribución, etc. 1903 (
Fabricante Tip. Matritense de Ricardo Fé)
300 ## - DESCRIPCIÓN FÍSICA
Extensión XXVI, 328 p. ;
Dimensiones 19 cm.
530 ## - NOTA DISPONIBLE DE FORMULARIO FÍSICO ADICIONAL
Nota de formato físico adicional disponible Disponible en formato digital.
650 #4 - PUNTO DE ACCESO ADICIONAL DE MATERIA--TÉRMINO DE MATERIA
Término de materia o nombre geográfico como elemento de entrada Lengua española-
Subdivisión general Gramática.
9 (RLIN) 14161
700 1# - ENTRADA AGREGADA--NOMBRE PERSONAL
Nombre de persona Viñara, Conde de.
9 (RLIN) 115366
852 ## - LOCALIZACIÓN
Ubicación ES-MaACL
Número de control de estantería D-5182
Ubicación en estantería Sala Valle Inclán
Nota libre Revisado enlace: 14 de julio de 2025
856 4# - LOCALIZACIÓN Y ACCESO ELECTRÓNICOS
Identificador Uniforme de Recursos <a href="http://bdh-rd.bne.es/viewer.vm?id=0000050587&page=1 ">http://bdh-rd.bne.es/viewer.vm?id=0000050587&page=1 </a>
Texto de enlace Biblioteca Digital Hispánica
942 ## - ELEMENTOS DE ENTRADA SECUNDARIOS (KOHA)
Fuente del sistema de clasificación o colocación Clasificación decimal universal
Holdings
Estatus retirado Estado de pérdida Estado de daño No para préstamo Colección Biblioteca de origen Biblioteca actual Ubicación en estantería Fecha de adquisición Fuente de adquisición Total de préstamos Signatura topográfica completa Código de barras Visto por última vez Precio de reemplazo Tipo de ítem Koha
        Colección digital Biblioteca del Ateneo de Madrid Biblioteca del Ateneo de Madrid Sala Valle Inclán 17/01/2008     D-5182 901051682 23/02/2023 23/02/2023 Libro impreso